[Event "1st ch-CHN Rapid w Prelim"]
[Site "Hefei CHN"]
[Date "2011.07.05"]
[Round "9.5"]
[White "Lei, Tingjie"]
[Black "Wang, Yu A."]
[Result "0-1"]
[BlackTitle "IM"]
[WhiteElo "2061"]
[BlackElo "2399"]
[WhiteFideId "8605114"]
[BlackFideId "8601097"]
[EventDate "2011.07.03"]

1. d4 Nf6 2. Nf3 c5 3. g3 cxd4 4. Nxd4 e5 5. Nb3 d5 6. Bg2 h6 7. O-O Be7 8. N1d2
Nc6 9. e3 O-O 10. Qe2 Be6 11. c3 Qc8 12. Re1 Re8 13. e4 Bf8 14. exd5 Bxd5 15.
Bxd5 Nxd5 16. Nc4 e4 17. Be3 Qh3 18. f3 Rad8 19. a4 Qh5 20. f4 Qf5 21. Rad1 Nf6
22. Nd4 Nxd4 23. Bxd4 b6 24. Bxf6 Qxf6 25. Ne5 Rxd1 26. Rxd1 Bd6 27. Qxe4 Bxe5
28. fxe5 Rxe5 29. Qa8+ Kh7 30. Rf1 Qe7 31. Qf3 f5 32. Rf2 Qe6 33. Kg2 Qc4 34.
Qf4 Qd5+ 35. Qf3 Qe6 36. Qf4 Kg6 37. Qf3 Re3 38. Qd1 Qe4+ 39. Kh3 h5 40. Qd6+
Kg5 41. Qd8+ Kg6 42. Qd6+ Kg5 43. Qd8+ Qe7 44. Qd5 g6 45. Qd4 Re4 46. Qd2+ Kf6
47. b3 h4 48. Qd3 hxg3 49. hxg3 Kg7 50. Kg2 Qe6 51. c4 Qe5 52. Rf3 Re2+ 53. Kh3
Re1 54. Qc3 Kf6 55. Qxe5+ Kxe5 56. Rd3 g5 57. Rd7 Rb1 58. Rxa7 Rxb3 59. a5 bxa5
60. Rxa5+ Ke4 61. Kg2 Rb2+ 62. Kh3 Rc2 63. Rc5 Rc3 64. Kg2 Rc2+ 65. Kh3 f4 0-1

[Event "1st ch-CHN Rapid w Prelim"]
[Site "Hefei CHN"]
[Date "2011.07.05"]
[Round "9.7"]
[White "Zhang, Xiaowen"]
[Black "Ding, Yixin"]
[Result "1/2-1/2"]
[WhiteTitle "WGM"]
[BlackTitle "WGM"]
[WhiteElo "2389"]
[BlackElo "2330"]
[WhiteFideId "8603219"]
[BlackFideId "8602972"]
[EventDate "2011.07.03"]

1. e4 c5 2. Nf3 d6 3. d4 cxd4 4. Nxd4 Nf6 5. Nc3 a6 6. Be2 e5 7. Nb3 Be7 8. O-O
O-O 9. Be3 Be6 10. Qd2 Nbd7 11. a4 Qc7 12. a5 Rac8 1/2-1/2

[Event "1st ch-CHN Rapid w Prelim"]
[Site "Hefei CHN"]
[Date "2011.07.05"]
[Round "9.8"]
[White "Li, Zhuoling"]
[Black "Yu, Moqi"]
[Result "1-0"]
[WhiteTitle "WFM"]
[WhiteElo "1907"]
[BlackElo "2106"]
[WhiteFideId "8605629"]
[BlackFideId "8604533"]
[EventDate "2011.07.03"]

1. e4 c5 2. Nf3 d6 3. d4 cxd4 4. Nxd4 Nf6 5. Nc3 a6 6. Be2 e5 7. Nb3 Be7 8. Be3
Be6 9. O-O Nbd7 10. a4 O-O 11. Qd2 Qc7 12. a5 Rac8 13. Rfd1 Nc5 14. Nxc5 dxc5
15. Nd5 Bxd5 16. exd5 Bd6 17. c4 Nd7 18. Rdc1 f5 19. f3 Nf6 20. Bd1 f4 21. Bf2
e4 22. Bh4 e3 23. Qe2 Qf7 24. Bc2 Qh5 25. Be1 Nd7 26. Bc3 Ne5 27. Be4 Rf6 28. b4
Rh6 29. h3 cxb4 30. Bd4 Nd7 31. Rab1 Nc5 32. Bc2 Qg5 33. Kh1 Qd8 34. Bf5 Rb8 35.
Rxb4 Ne4 36. Bxe4 Bxb4 37. Qb2 Bf8 38. Be5 Rc8 39. Bxf4 Rh5 40. Bxe3 Qc7 41. c5
Qxa5 42. Qxb7 Rxc5 43. Bxc5 Bxc5 44. Qc8+ Bf8 45. d6 Rh6 46. Qc7 Qd2 47. d7 Rd6
48. Bf5 h6 49. Be6+ Kh7 50. Bf5+ Kg8 51. Be6+ Kh7 52. Qc8 Rxe6 53. d8=Q Re1+ 54.
Rxe1 Qxe1+ 55. Kh2 Qe5+ 56. f4 Qxf4+ 57. Kg1 Qe3+ 58. Kf1 1-0